00557nmm a2200193Ia 4500008004100000020001800041041000800059100002900067245002200096264005000118300001800168490001500186650003900201700002900240700001900269856005100288942000700339999001700346251105s9999||||xx |||||||||||||||||und|| a9788417761554 aspa aSánchez Vaqué, Oriol 0aEl abismo de Eros a[Madrid, España] :bDuomo ediciones, c2020 a304 páginas aNefelibata aSelf-help and personal development aSánchez Vaqué, Oriol1 a Nucci, Matteo uhttps://public.digitaliapublishing.com/a/68080 cCF c71076d71076